Statistics for NBA #1 Overall Picks Quiz

Click here to take the quiz!

General Stats

  • This quiz has been taken 8 times
  • The average score is 17 of 21

Answer Stats

TeamYearAnswer% Correct
76ers2016Ben Simmons
100%
Magic2004Dwight Howard
100%
Timberwolves2015Karl Anthony Towns
100%
Cavaliers2003Lebron James
100%
Rockets2002Yao Ming
100%
Pelicans2019Zion Williamson
100%
Cavaliers2014Andrew Wiggins
86%
Clippers2009Blake Griffin
86%
Bulls2008Derrick Rose
86%
Wizards2010John Wall
86%
Cavaliers2011Kyrie Irving
86%
76ers2017Markelle Fultz
86%
Cavaliers2013Anthony Bennett
71%
TImberwolves2020Anthony Edwards
71%
Suns2018Deandre Ayton
71%
Trailblazers2007Greg Oden
71%
Raptors2006Andrea Bargnani
57%
Bucks2005Andrew Bogut
57%
Hornets2012Anthony Davis
57%
Nets2000Kenyon Martin
57%
Wizards2001Kwame Brown
57%

Score Distribution

Percentile by Number Answered

Percent of People with Each Score

Your Score History

You have not taken this quiz